National Parks In Virginia - Statistics

General Stats
  • This quiz has been taken 11 times
  • The average score is 5 of 16
Answer Stats
Type Answer % Correct
NP Shenandoah
100%
NBP Manassas
63%
NBP Petersburg
50%
NHP Appomattox Court House
38%
NM Booker T. Washington
38%
NMP Fredericksburg & Spotsylvania
38%
PKWY George Washington Memorial
38%
NBP Richmond
38%
NHP Colonial
25%
Park Prince William
25%
N MEM Arlington House
0%
NHP Cedar Creek & Belle Grove
0%
NM Fort Monroe
0%
NM George Washington Birthplace
0%
NHS Maggie L Walker
0%
NP Wolf Trap
0%
No matching quizzes found
Score Distribution
Percent of People with Each Score
Percentile by Number Answered
Your Score History
You have not taken this quiz